000 00598nam a2200229Ia 4500
003 OSt
005 20220928111738.0
006 a|||||r|||| 00| 0
007 ta
008 220927b |||||||| |||| 00| 0 eng d
024 _a25751
037 _cTextual
040 _aSDCL
_cSDCL
_beng
041 _2eng
_aeng
082 _aO152,1N461x, M0
100 _aJoshi Rajesh
_9393485
245 0 _aEk din bolenge peda.
260 _aHapud
_bSambhawana Prakashan
_c1980
300 _a96p.
_ccm.
942 _hO152,1N461x, M0
_cTEXL
_2CC
999 _c741751
_d741751